000 00276nam a22001217a 4500
008 170627b xxu||||| |||| 00| 0 eng d
041 _aeng
080 _28 ED
_a5
100 _a21
101 _aGJL
245 _aPATTERNS OF EXPOSITION
_cSCHWEGLER.R..A
942 _2udc
_cBK
999 _c19177
_d19177